000 00426nam a22001577a 4500
003 SGT
082 _a651.74, AGA
100 _aAGARWAL,HIMANSHU
245 _aBUSINESS COMMUNICATION
250 _a1ST
260 _aROHTAK
_bVIDYA PUBLICATIONS
_c2009
300 _a216
650 _aOFFICE SERVICES, ENGLISH
653 _aBUSINESS COMMUNICATION, COMMUNICATION SKILLS, WRITTEN COMMUNICATION, BUSINESS REPORTS
942 _2ddc
_cFCM
999 _c8904
_d8904